[Event "Frankfurt Ch B 2017"]
[Site "Ffm-Höchst, BiKuZ"]
[Date "2017.05.22"]
[Round "5.12"]
[White "Bakiev, Diyor"]
[Black "Ullrich, Lars"]
[Result "1/2-1/2"]
[WhiteElo "1077"]
[BlackElo "1246"]
[PlyCount "38"]
[EventDate "2017.??.??"]
[WhiteTeam "SV Ffm-Griesheim"]
[BlackTeam "SC Ehrenberg"]

1. e4 c5 2. Nf3 Nc6 3. d4 cxd4 4. Nxd4 g6 5. Nc3 Bg7 6. Be3 Nf6 7. Bb5 O-O 8.
O-O e5 9. Nf3 d6 10. h3 Be6 11. Ng5 a6 12. Nxe6 fxe6 13. Bc4 Qd7 14. Bb3 b5 15.
Qd2 Na5 16. Rfd1 Nxb3 17. axb3 b4 18. Na4 Nxe4 19. Qxb4 d5 1/2-1/2

[Event "Frankfurt Ch B 2017"]
[Site "Ffm-Höchst, BiKuZ"]
[Date "2017.05.22"]
[Round "5.14"]
[White "Barth, Horst"]
[Black "Wundram, Till"]
[Result "1-0"]
[WhiteElo "1292"]
[BlackElo "917"]
[PlyCount "109"]
[EventDate "2017.??.??"]
[WhiteTeam "SF Mainz"]
[BlackTeam "vereinslos"]

1. e4 d5 2. exd5 Qxd5 3. Nc3 Qa5 4. d4 Bf5 5. Nf3 Nd7 6. Be2 e6 7. O-O Ngf6 8.
Bd2 c6 9. Nh4 Bg6 10. Re1 Be7 11. Bf3 Qc7 12. g3 O-O-O 13. Bf4 e5 14. Bxe5 Nxe5
15. Rxe5 Bd6 16. Re3 Bc5 17. Ne2 Bb6 18. c3 Nd5 19. Bxd5 Rxd5 20. b4 Qd7 21. a4
Bd8 22. Ng2 Bh5 23. Ngf4 Rf5 24. Nxh5 Rxh5 25. Re5 Rh6 26. Nf4 g5 27. Nh5 Qh3
28. g4 Bc7 29. Qf1 Qxg4+ 30. Ng3 Bxe5 31. dxe5 Re8 32. Re1 Ree6 33. Re4 Qf3 34.
Re3 Qd5 35. Qe2 f6 36. Rd3 Qxe5 37. Re3 Qxc3 38. Rxe6 Qxb4 39. Re7 Qd6 40. Qg4+
Kd8 41. Nf5 Qxh2+ 42. Kf1 Qh3+ 43. Qxh3 Rxh3 44. Rxb7 Rf3 45. Nd4 Rc3 46. Rxa7
h5 47. a5 h4 48. Kg2 h3+ 49. Kh2 c5 50. Ne6+ Kc8 51. Rc7+ Kb8 52. Rxc5 Rxc5 53.
Nxc5 Kc7 54. Kxh3 Kc6 55. a6 1-0

[Event "Frankfurt Ch B 2017"]
[Site "Ffm-Höchst, BiKuZ"]
[Date "2017.05.22"]
[Round "5.15"]
[White "Pessotschinski, Eduard"]
[Black "Schäfer, Dieter"]
[Result "1-0"]
[WhiteElo "1155"]
[BlackElo "1294"]
[PlyCount "97"]
[EventDate "2017.??.??"]
[WhiteTeam "TuS Makkabi"]
[BlackTeam "SV Ffm-Griesheim"]

1. e4 c5 2. Nc3 g6 3. Nf3 Bg7 4. d3 Nc6 5. Be3 d6 6. d4 cxd4 7. Nxd4 Bxd4 8.
Bxd4 Nxd4 9. Qxd4 e5 10. Qd5 a6 11. O-O-O Nf6 12. Qxd6 Qxd6 13. Rxd6 Ke7 14.
Rd2 b5 15. Nd5+ Nxd5 16. exd5 Rd8 17. c4 bxc4 18. Bxc4 Rd6 19. Rhd1 Bd7 20. Re1
f6 21. f4 Rc8 22. b3 Bb5 23. Rc2 h5 24. fxe5 fxe5 25. Rxe5+ Kf6 26. Re1 Rc5 27.
a4 Bxc4 28. bxc4 Kf7 29. Kb2 a5 30. Ka3 Rc8 31. Rf2+ Rf6 32. Rxf6+ Kxf6 33.
Re6+ Kf7 34. Re4 Rd8 35. Kb3 Rd6 36. Kc3 Rd8 37. Re6 Rd7 38. Ra6 Ke7 39. Rxa5
Kd6 40. Ra6+ Ke7 41. Kd4 g5 42. Ke5 Rb7 43. c5 Rd7 44. c6 Rd8 45. Ra7+ Ke8 46.
d6 Rb8 47. Re7+ Kf8 48. Ke6 Ra8 49. d7 1-0

[Event "Frankfurt Ch B 2017"]
[Site "Ffm-Höchst, BiKuZ"]
[Date "2017.05.22"]
[Round "5.17"]
[White "Henrich, Gerhard"]
[Black "Al-Butmeh, Firas"]
[Result "1/2-1/2"]
[WhiteElo "1121"]
[BlackElo "1195"]
[PlyCount "59"]
[EventDate "2017.??.??"]
[WhiteTeam "SV Hofheim"]
[BlackTeam "SV Lahn Limburg"]

1. d4 d5 2. Nf3 e6 3. e3 Nf6 4. Bd3 c5 5. c3 c4 6. Bc2 Bd6 7. O-O Nc6 8. Nbd2
O-O 9. Re1 b5 10. e4 dxe4 11. Nxe4 Nxe4 12. Bxe4 Bb7 13. Bxh7+ Kxh7 14. Ng5+
Kg6 15. Qc2+ Kf6 16. Nh7+ Ke7 17. Bg5+ f6 18. Nxf8 Kxf8 19. Bh4 e5 20. Rad1
exd4 21. cxd4 Nxd4 22. Rxd4 Bxh2+ 23. Kxh2 Qxd4 24. Qh7 Qxb2 25. Qh8+ Kf7 26.
Qh5+ Kg8 27. Re8+ Rxe8 28. Qxe8+ Kh7 29. Qh5+ Kg8 30. Qe8+ 1/2-1/2

[Event "Frankfurt Ch B 2017"]
[Site "Ffm-Höchst, BiKuZ"]
[Date "2017.05.22"]
[Round "5.18"]
[White "Misevich, Saveliy"]
[Black "Nebel, Marcel"]
[Result "0-1"]
[WhiteElo "1114"]
[BlackElo "1191"]
[PlyCount "91"]
[EventDate "2017.??.??"]
[WhiteTeam "SC Frankfurt-West"]
[BlackTeam "SF Friedberg"]

1. e4 e6 2. d4 d5 3. exd5 exd5 4. c4 Nf6 5. Nf3 Bg4 6. Nc3 c6 7. Bg5 Nbd7 8.
cxd5 cxd5 9. Nxd5 Qa5+ 10. Nc3 Bxf3 11. Qxf3 Qxg5 12. Qxb7 Rb8 13. Qf3 Rxb2 14.
Qe3+ Qxe3+ 15. fxe3 Bb4 16. O-O-O Bxc3 17. Rd3 Ne4 18. Rxc3 Nxc3 19. Kxb2 Nd1+
20. Kc1 Nxe3 21. Bb5 Kd8 22. Bc6 Kc7 23. Bf3 Rd8 24. Kd2 Nf5 25. Rc1+ Kb8 26.
d5 Nf6 27. Rb1+ Kc7 28. g4 Nh4 29. Bh1 Nxd5 30. Ke1 Nb6 31. Kf2 g5 32. Rc1+ Kd7
33. Be4 Ng6 34. Bf5+ Kd6 35. Rd1+ Ke7 36. Re1+ Kf8 37. Kg1 Rd2 38. a3 Nd5 39.
Be4 Ndf4 40. Re3 h6 41. Bc6 Re2 42. Rb3 Ne5 43. Bf3 Re1+ 44. Kf2 Ned3+ 45. Kg3
Rg1+ 46. Bg2 0-1

[Event "Frankfurt Ch B 2017"]
[Site "Ffm-Höchst, BiKuZ"]
[Date "2017.05.22"]
[Round "5.21"]
[White "Burkart, Lloyd Shang"]
[Black "Pessotschinski, Lars"]
[Result "1-0"]
[WhiteElo "774"]
[BlackElo "849"]
[PlyCount "41"]
[EventDate "2017.??.??"]
[WhiteTeam "TuS Makkabi"]
[BlackTeam "TuS Makkabi"]

1. d4 Nf6 2. Nf3 g6 3. Bf4 Bg7 4. e3 d6 5. Bc4 O-O 6. O-O Nbd7 7. c3 Re8 8.
Bxf7+ Kxf7 9. Ng5+ Kg8 10. Ne6 c5 11. Nxd8 Rxd8 12. dxc5 Nxc5 13. Nd2 Nd3 14.
Qc2 Bf5 15. Qb3+ Kh8 16. Bg3 e5 17. Bh4 Rd7 18. Bxf6 Bxf6 19. Nf3 Nc5 20. Qb5
e4 21. Nd4 1-0

[Event "Frankfurt Ch A 2017"]
[Site "Ffm-Höchst, BiKuZ"]
[Date "2017.05.29"]
[Round "6.1"]
[White "Milov, Leonid"]
[Black "Minor, Samuel"]
[Result "1-0"]
[WhiteElo "2391"]
[BlackElo "2186"]
[PlyCount "97"]
[EventDate "2017.??.??"]
[WhiteTeam "SC Noris-Tarrasch Nürnberg"]
[BlackTeam "Wiesbadener SV"]

1. d4 c6 2. c4 d5 3. Nf3 Nf6 4. g3 e6 5. Bg2 Nbd7 6. O-O Be7 7. Nc3 O-O 8. Nd2
b6 9. Re1 Bb7 10. e4 dxe4 11. Ndxe4 Nxe4 12. Nxe4 Nf6 13. Nc3 Qd7 14. Bf4 Rfd8
15. Be5 c5 16. Bxb7 Qxb7 17. d5 exd5 18. Qf3 Rd7 19. Bxf6 Bxf6 20. Nxd5 Bd4 21.
Re7 Rf8 22. Rae1 Bxb2 23. Nf6+ Bxf6 24. Qxb7 Rxb7 25. Rxb7 g5 26. Kg2 Rd8 27.
Re2 Rd3 28. Rxa7 Rc3 29. Rb7 Rxc4 30. Rxb6 Kg7 31. Ra6 Rc1 32. a4 c4 33. Rc6 c3
34. Ra2 Rb1 35. Rc4 Rd1 36. Kf3 Rb1 37. Ke4 h5 38. a5 Rb2 39. Rxb2 cxb2 40. Rb4
Bc3 41. Rxb2 Bxa5 42. Kf5 Bc3 43. Rc2 Bf6 44. Rc6 Be7 45. h3 Bd8 46. Rd6 Be7
47. Rd5 Kf8 48. Rd7 Ke8 49. Rxe7+ 1-0

[Event "Frankfurt Ch A 2017"]
[Site "Ffm-Höchst, BiKuZ"]
[Date "2017.05.29"]
[Round "6.2"]
[White "Prenzler, Daniel"]
[Black "Poetsch, Hagen"]
[Result "0-1"]
[WhiteElo "2253"]
[BlackElo "2474"]
[PlyCount "50"]
[EventDate "2017.??.??"]
[WhiteTeam "SC Nied"]
[BlackTeam "SF Schöneck"]

1. e4 c5 2. Nf3 d6 3. d4 cxd4 4. Nxd4 Nf6 5. Nc3 g6 6. Be3 a6 7. f3 Nbd7 8. Qd2
Qc7 9. O-O-O h5 10. Bd3 b5 11. h3 e5 12. Nb3 h4 13. Kb1 Bb7 14. Bxb5 axb5 15.
Nxb5 Qc4 16. Nxd6+ Bxd6 17. Qxd6 Ra6 18. Qd2 O-O 19. Bg5 Rc8 20. Rc1 Rxa2 21.
Kxa2 Ra8+ 22. Kb1 Qa4 23. Rce1 Qa2+ 24. Kc1 Qa1+ 25. Nxa1 Rxa1# 0-1

[Event "Frankfurt Ch A 2017"]
[Site "Ffm-Höchst, BiKuZ"]
[Date "2017.05.29"]
[Round "6.3"]
[White "Reschke, Thomas"]
[Black "Nehmert, Ulrich"]
[Result "1/2-1/2"]
[WhiteElo "2095"]
[BlackElo "2144"]
[PlyCount "76"]
[EventDate "2017.??.??"]
[WhiteTeam "SC Frankfurt-West"]
[BlackTeam "Wiesbadener SV"]

1. c4 Nf6 2. g3 c5 3. Bg2 d5 4. cxd5 Nxd5 5. Nc3 Nxc3 6. bxc3 Nc6 7. Nf3 e5 8.
d3 Be7 9. Rb1 O-O 10. O-O Rb8 11. Ne1 Be6 12. Qa4 Qd7 13. f4 Bf6 14. Nf3 exf4
15. Bxf4 Rbc8 16. c4 Rfe8 17. Bg5 Bh3 18. Bxh3 Qxh3 19. e4 Bd4+ 20. Nxd4 Nxd4
21. Rf2 Qh5 22. Bd2 Nf3+ 23. Kg2 Ne5 24. Rxb7 Ng4 25. Rfxf7 Qxh2+ 26. Kf1 Rf8
27. Qd7 Ne5 28. Qxc8 Qh1+ 29. Ke2 Qh5+ 30. g4 Qh2+ 31. Kd1 Rxc8 32. Rxg7+ Kh8
33. Bc3 Re8 34. Rge7 Rxe7 35. Rxe7 Kg8 36. Bxe5 Qxa2 37. Rg7+ Kf8 38. Rxh7 Qg2
1/2-1/2

[Event "Frankfurt Ch A 2017"]
[Site "Ffm-Höchst, BiKuZ"]
[Date "2017.05.29"]
[Round "6.4"]
[White "Kaliski, Erwin"]
[Black "Neininger, Ralph"]
[Result "0-1"]
[WhiteElo "2129"]
[BlackElo "2101"]
[Annotator "hdp,cttc"]
[PlyCount "140"]
[EventDate "2017.??.??"]
[WhiteTeam "SC Bad Nauheim"]
[BlackTeam "Frankfurter TV"]

1. e4 e6 2. d4 d5 3. Nd2 dxe4 4. Nxe4 Bd7 5. Nf3 Bc6 6. Bd3 Nd7 7. O-O Ngf6 8.
Qe2 Nxe4 9. Bxe4 Bxe4 10. Qxe4 c6 11. Bg5 Be7 12. Bxe7 Qxe7 13. Rfe1 O-O 14.
Re2 Qb4 15. c3 Qa5 16. Qh4 Rad8 17. a3 Qf5 18. Rae1 Nf6 19. h3 c5 20. Re5 Qc2
21. R1e2 Qc1+ 22. Kh2 cxd4 23. Nxd4 Rd5 24. Qg3 Rfd8 25. Qe3 Qxe3 26. R2xe3 a6
27. Kg3 Kf8 28. Kf3 Ke7 29. g3 Kd6 30. Rxd5+ Nxd5 31. Rd3 b5 32. Ke2 g5 33. Nc2
Kc5 34. Rd4 Rd6 35. Ne1 {In etwa dieser Stellung kam ich wieder mal am Brett
vorbei, und entschloss mich nicht nur wegen der interessanten Stellung 
(ausgeglichen: ja, ungefährlich: nein!) diese zu beobachten. Weiß hatte etwa
30 Minuten Bedenkzeit übrig, Schwarz nur etwa 60 Sekunden. Beide(!) hatten
mitgeschrieben und Schwarz blieb "cool"!} f6 36. Kd2 a5 37. Kc2 Rb6 38. f4 gxf4
39. Nd3+ Kc6 {Bis hierher hatten Beide eine laut Houdini fehlerfreie, und doch
wie ich meine komplizierte Partie abgeliefert. Verlieren wollte keiner, Remis
anscheinend auch nicht. Es ist Weiß, der nun den ersten Fehler macht:} 40. Nxf4
$5 (40. gxf4 {lässt den Vorteilszeiger einfach weiter bei Null stehen und
nichts passiert. Schwarz, äußerlich völlig ungerührt und nur Sekunden von
einer Niederlage entfernt, sieht den Fehler und zieht das erstaunliche:}) 40...
Ne3+ 41. Kd3 e5 42. Kxe3 exd4+ 43. Kxd4 b4 $5 {Houdini tadelt! Unter Druck
spielt es sich wohl doch leichter. Kaum ist ein durchaus entscheidender
Vorteil erreicht, wird dieser fast umgehend an eine Springer-gerechte Stellung
zurückgegeben.} 44. axb4 axb4 45. c4 {Tja, so ein Freibauer kann doch
trügerisch sein. Warum nicht so:} (45. Nd5 bxc3 46. bxc3  (46.
Nxb6 $4 cxb2 {und Scharz gewinnt}) 46... Rb8 47. Nxf6 {sieht
vielversprechender für Weiß aus, gerade wenn keine additive Zeit vorhanden
ist, ist aber erst mal laut der Maschine ein objektives Remis}) 45... Rb7 46.
Nd5 f5 47. b3 {Liebe Kinder, gebt fein Acht: nicht jeder gedeckte Freibauer
ist auch ein Sieggarant. b2 war noch eher zu verteidigen, nun ist er eine
Schwäche auf b3 geworden.} Rg7 48. Nxb4+ Kb7 49. Ke5 Rxg3 50. Kxf5 Rxb3 {
qed, sagte der Professor!} 51. Nd5 Rxh3 52. Kg5 Kc6 53. Nf4 Rh1 54. Nd3 Rd1 55.
Ne5+ Kc5 56. Kh6 Rh1+ 57. Kg7 h5 58. Kh6 h4 59. Kh5 h3 60. Nd3+ {und hier
schickt Houdini die ersten Mattansagen in die Welt. Der Rest ist Technik und
wegen der wieder aufkommenden Zeitnot reine Nervensache, aber das scheint für
Schwarz ja kein Problem.} Kxc4 61. Nf2 Rh2 62. Ne4 Rg2 63. Kh4 h2 64. Ng3 Rxg3
65. Kxg3 h1=Q 66. Kg4 Kd5 67. Kf5 Qf3+ 68. Kg5 Ke6 69. Kg6 Qg4+ 70. Kh7 Kf6 {
Sicher diskutabel, wenn man bedenkt, dass ich mehr zufällig zu den Zuschauern
im entscheidenden Moment gehörte. Aber die Präzision der Zugführung beider vor
der Zeitkontrolle, die unglaubliche Abgebrühtheit in hochgradiger Zeitnot im
40. Zug, und die spannende Fortführung lassen mir keine Wahl: das ist meine
persönliche Nominierung für die "Beste Partie der Runde". Und die ist ja
schliesslich nicht ausschlaggebend für die entgültige Bestimmung.} 0-1

[Event "Frankfurt Ch A 2017"]
[Site "Ffm-Höchst, BiKuZ"]
[Date "2017.05.29"]
[Round "6.5"]
[White "Calvi, Stefan"]
[Black "Chandler, Patrick"]
[Result "1-0"]
[WhiteElo "2016"]
[BlackElo "2121"]
[PlyCount "61"]
[EventDate "2017.??.??"]
[WhiteTeam "SF Frankfurt"]
[BlackTeam "SC Nied"]

1. e4 c5 2. c3 Nf6 3. e5 Nd5 4. d4 d6 5. Nf3 Nc6 6. exd6 exd6 7. Bc4 Nb6 8. Bb3
Be7 9. O-O Bg4 10. h3 Bh5 11. Be3 O-O 12. Re1 cxd4 13. cxd4 Bf6 14. g4 Bg6 15.
Nc3 d5 16. Bf4 Na5 17. Ne5 Nac4 18. Qf3 Bxe5 19. dxe5 Rc8 20. Rad1 Nxb2 21. Rd4
Rc5 22. Nxd5 Nxd5 23. Bxd5 Qb6 24. Be3 Qc7 25. e6 Rc2 26. exf7+ Bxf7 27. Rf4
Nd3 28. Rxf7 Rxf7 29. Qe4 Kf8 30. Bc5+ Rxc5 31. Qe8# 1-0

[Event "Frankfurt Ch A 2017"]
[Site "Ffm-Höchst, BiKuZ"]
[Date "2017.05.29"]
[Round "6.6"]
[White "Uwira, Oliver"]
[Black "Fucik, Timo"]
[Result "1-0"]
[WhiteElo "2230"]
[BlackElo "2003"]
[PlyCount "47"]
[EventDate "2017.??.??"]
[WhiteTeam "SC Nied"]
[BlackTeam "SK Ettlingen"]

1. d4 d5 2. c4 c6 3. Nf3 Nf6 4. Nc3 e6 5. e3 Nbd7 6. Qc2 Bd6 7. g4 h6 8. Rg1 e5
9. g5 hxg5 10. Nxg5 e4 11. Bd2 Bxh2 12. Rg2 Nf8 13. cxd5 cxd5 14. O-O-O Bd7 15.
Be2 Rc8 16. Kb1 Ne6 17. Rh1 Nxg5 18. Rxg5 Qc7 19. f4 exf3 20. Bxf3 Rh6 21. Rxg7
Bc6 22. Qf5 Kf8 23. Qg5 Bf4 24. exf4 1-0

[Event "Frankfurt Ch A 2017"]
[Site "Ffm-Höchst, BiKuZ"]
[Date "2017.05.29"]
[Round "6.7"]
[White "Nagelsdiek, Ralf"]
[Black "Hovsepyan, Vardan"]
[Result "0-1"]
[WhiteElo "2003"]
[BlackElo "2149"]
[PlyCount "184"]
[EventDate "2017.??.??"]
[WhiteTeam "SC Bad Soden"]
[BlackTeam "FVS ASP Hoyerswerda"]

1. Nf3 f5 2. b3 d6 3. d4 Nf6 4. e3 e6 5. Bb2 b6 6. Bd3 Bb7 7. c4 Be4 8. Nc3 d5
9. Be2 Bxf3 10. gxf3 c6 11. Qc2 g6 12. O-O-O Na6 13. a3 Nc7 14. Kb1 Qd7 15. Rc1
Be7 16. h4 O-O-O 17. cxd5 exd5 18. e4 Kb7 19. e5 Nh5 20. Qd2 Ne6 21. Bf1 Rc8
22. Na2 Rc7 23. Qd3 Kc8 24. Nb4 Bxb4 25. axb4 b5 26. Bc3 Nhf4 27. Qe3 Qe7 28.
Bd2 Kb7 29. Qc3 Ra8 30. Be3 Nh5 31. Rc2 Rcc8 32. Bd3 Qd8 33. Ra2 Qb6 34. Bf1
Re8 35. Bh3 Qd8 36. Rc1 Qd7 37. Qd2 Qe7 38. Bg5 Qc7 39. Rac2 Qb6 40. Rxc6 Qxc6
41. Rxc6 Kxc6 42. f4 Nxg5 43. fxg5 Kd7 44. Bg2 Ke6 45. Bf3 Ng7 46. Qa2 Reb8 47.
Kc2 Rc8+ 48. Kd2 a6 49. Qa1 Ra7 50. Qa5 Rb8 51. Qa1 Ne8 52. Qh1 Rd7 53. h5 Rc8
54. Kd3 Rb8 55. Bg2 Rc8 56. f4 Rb8 57. hxg6 hxg6 58. Qh8 Rg7 59. Qf8 Rc8 60.
Bf3 Rgc7 61. Qg8+ Ke7 62. Bd1 Rc1 63. Kd2 Ra1 64. Qxd5 Ra2+ 65. Kd3 Rc1 66. Bf3
Rac2 67. Bd1 Ra2 68. Qb7+ Rc7 69. Qf3 Rc1 70. d5 a5 71. bxa5 b4 72. d6+ Ke6 73.
Qb7 Rxd1+ 74. Kc4 Rxd6 75. Kxb4 Rd4+ 76. Kc5 Rd7 77. Qc6+ Ke7 78. Qxg6 Rc2+ 79.
Kb6 Rb2 80. Qxf5 Rxb3+ 81. Kc5 Rc7+ 82. Kd4 Rb4+ 83. Kd3 Rb3+ 84. Ke2 Rcc3 85.
Qh7+ Kd8 86. Kd2 Rh3 87. Qe4 Rh2+ 88. Kc1 Rc3+ 89. Kd1 Rg3 90. Qd4+ Ke7 91. f5
Rgg2 92. Qa7+ Kf8 0-1

[Event "Frankfurt Ch A 2017"]
[Site "Ffm-Höchst, BiKuZ"]
[Date "2017.05.29"]
[Round "6.8"]
[White "Sarközy, Benjamin"]
[Black "Egenolf, Dirk"]
[Result "1/2-1/2"]
[WhiteElo "2106"]
[BlackElo "1939"]
[PlyCount "75"]
[EventDate "2017.??.??"]
[WhiteTeam "SC Somborn"]
[BlackTeam "SK Niederbrechen"]

1. e4 c5 2. Nf3 e6 3. Nc3 Nc6 4. d4 cxd4 5. Nxd4 a6 6. Be3 d6 7. Qd2 Be7 8.
O-O-O Nf6 9. f3 O-O 10. g4 Nxd4 11. Qxd4 b5 12. h4 e5 13. Qd2 Be6 14. Kb1 Qc7
15. g5 Nh5 16. Bh3 b4 17. Nd5 Bxd5 18. exd5 a5 19. Bg4 g6 20. f4 Nxf4 21. Bxf4
exf4 22. Qxf4 a4 23. h5 b3 24. cxb3 axb3 25. Rc1 Qa5 26. a3 Qxd5 27. hxg6 Bxg5
28. gxh7+ Kh8 29. Qc4 Qxc4 30. Rxc4 f5 31. Bd1 Ra7 32. Bxb3 Rxh7 33. Rg1 Bf6
34. Rf4 Rh2 35. Bc2 Rc8 36. Rxf5 Rcxc2 37. Rxf6 Rxb2+ 38. Ka1 1/2-1/2

[Event "Frankfurt Ch A 2017"]
[Site "Ffm-Höchst, BiKuZ"]
[Date "2017.05.29"]
[Round "6.9"]
[White "Bischoff, Ulrich"]
[Black "Rolf, Marco"]
[Result "1-0"]
[WhiteElo "1981"]
[BlackElo "2038"]
[PlyCount "89"]
[EventDate "2017.??.??"]
[WhiteTeam "Sfr. Erbach"]
[BlackTeam "SK Bad Homburg"]

1. e4 e6 2. d4 d5 3. Nc3 Nf6 4. Bg5 dxe4 5. Nxe4 Be7 6. Bxf6 gxf6 7. Nf3 f5 8.
Nc3 a6 9. g3 b5 10. Bg2 Bb7 11. O-O c5 12. dxc5 Qxd1 13. Raxd1 Bxc5 14. Ne5
Bxg2 15. Kxg2 Ra7 16. a4 bxa4 17. Nxa4 Be7 18. Nb6 Bf6 19. Rfe1 Ke7 20. Nd5+
exd5 21. Ng4+ Kd6 22. Nxf6 Nc6 23. Rxd5+ Kc7 24. Rxf5 Rb7 25. b3 Kb8 26. Rf4
Ka7 27. Rh4 Rd8 28. Rxh7 Rd2 29. Ne4 Rxc2 30. Nd6 Rxb3 31. Rxf7+ Ka8 32. Re8+
Rb8 33. Rxb8+ Kxb8 34. h4 Rd2 35. Ne4 Re2 36. Nc5 a5 37. h5 Re8 38. h6 Rh8 39.
h7 Ne5 40. Nd7+ Nxd7 41. Rxd7 a4 42. Rg7 a3 43. Rg8+ Kb7 44. Rxh8 a2 45. Ra8
1-0

[Event "Frankfurt Ch A 2017"]
[Site "Ffm-Höchst, BiKuZ"]
[Date "2017.05.29"]
[Round "6.10"]
[White "Schwenkreis, Thomas"]
[Black "Budde, Michael"]
[Result "1-0"]
[WhiteElo "2036"]
[BlackElo "1917"]
[PlyCount "113"]
[EventDate "2017.??.??"]
[WhiteTeam "SV Oberursel"]
[BlackTeam "SC Flörsheim"]

1. e4 Nf6 2. e5 Nd5 3. d4 d6 4. Nf3 dxe5 5. Nxe5 c6 6. Qf3 Be6 7. a3 Nd7 8. Nd3
Qb6 9. c4 N5f6 10. c5 Qd8 11. Nc3 g6 12. Nf4 Bg4 13. Qe3 e5 14. Nd3 Be6 15.
Nxe5 Bg7 16. Be2 O-O 17. O-O Re8 18. f4 Qe7 19. Qf2 Rad8 20. h3 Nd5 21. Ne4 f6
22. Nxd7 Bxd7 23. Bf3 b6 24. Nd6 bxc5 25. Nxe8 Rxe8 26. Bd2 cxd4 27. Qxd4 Be6
28. Bxd5 Bxd5 29. Bc3 Qe2 30. Rf2 Qa6 31. Qd2 Qc4 32. Re1 Be4 33. Qd7 Qf7 34.
Qxf7+ Kxf7 35. Rfe2 f5 36. Bxg7 Kxg7 37. Rd1 Re7 38. Red2 Bd5 39. Kf2 Re4 40.
Rd4 Re7 41. b4 a6 42. Rc1 Kf6 43. Rc5 Ke6 44. Ra5 Ra7 45. Rd2 h6 46. Re2+ Be4
47. a4 Kf6 48. Ke3 g5 49. g3 Rb7 50. Rb2 Rd7 51. Rd2 Rb7 52. Rd4 Rb6 53. g4 Bd5
54. b5 axb5 55. axb5 Bg2 56. Rd6+ Kg7 57. Ra7+ 1-0

[Event "Frankfurt Ch A 2017"]
[Site "Ffm-Höchst, BiKuZ"]
[Date "2017.05.29"]
[Round "6.12"]
[White "Rau, Christian"]
[Black "Medvedovski, Michael"]
[Result "1/2-1/2"]
[WhiteElo "1878"]
[BlackElo "2029"]
[PlyCount "79"]
[EventDate "2017.??.??"]
[WhiteTeam "SV Rüsselsheim"]
[BlackTeam "Frankfurter TV"]

1. e4 c5 2. c3 Nf6 3. e5 Nd5 4. d4 cxd4 5. Nf3 Nc6 6. Bc4 Nb6 7. Bb3 d5 8. exd6
Qxd6 9. O-O Bf5 10. Nxd4 Nxd4 11. cxd4 e6 12. Nc3 Be7 13. d5 exd5 14. Nxd5 Nxd5
15. Qxd5 Qxd5 16. Bxd5 O-O 17. Be3 Bf6 18. Rac1 Rad8 19. Bxb7 Bxb2 20. Rc7 Bd4
21. Bf3 a6 22. Be2 Bxe3 23. fxe3 Bd3 24. Kf2 f5 25. Rd1 Bxe2 26. Kxe2 Rxd1 27.
Kxd1 f4 28. exf4 Rxf4 29. Rc8+ Kf7 30. Rc7+ Kg6 31. Rc6+ Rf6 32. Rxf6+ Kxf6 33.
Kd2 Ke6 34. Kc3 Kd5 35. Kb4 Kc6 36. Kc4 Kd6 37. Kb4 Kc6 38. Kc4 Kd6 39. Kb4 Kc6
40. Kc4 1/2-1/2

[Event "Frankfurt Ch A 2017"]
[Site "Ffm-Höchst, BiKuZ"]
[Date "2017.05.29"]
[Round "6.13"]
[White "Winand, Edgar"]
[Black "Zweschper, Erich"]
[Result "1/2-1/2"]
[WhiteElo "1872"]
[BlackElo "2016"]
[PlyCount "90"]
[EventDate "2017.??.??"]
[WhiteTeam "SC Flörsheim"]
[BlackTeam "SVG Eppstein"]

1. g4 e5 2. d3 d5 3. Bg2 c6 4. h3 Bc5 5. Nc3 Ne7 6. Nf3 Ng6 7. e4 d4 8. Ne2 h5
9. g5 h4 10. c3 dxc3 11. bxc3 Be6 12. O-O f6 13. d4 Bd6 14. Qc2 Qc8 15. Kh2
exd4+ 16. e5 Bf5 17. Qb3 fxe5 18. cxd4 Nd7 19. Ba3 Bxa3 20. Qxa3 Qc7 21. Nxe5
Ndxe5 22. dxe5 Nxe5 23. f4 O-O-O 24. Qc5 Bd3 25. Rf2 Nd7 26. Qe3 Bxe2 27. Qxe2
Rde8 28. Qg4 Kb8 29. Rd1 Nc5 30. Kh1 Re7 31. f5 Re3 32. f6 gxf6 33. Rxf6 Rhe8
34. Rdf1 Re1 35. Rxe1 Rxe1+ 36. Rf1 Rxf1+ 37. Bxf1 Qe5 38. Qxh4 Ne4 39. g6 Qd5
40. Qf4+ Kc8 41. Qf8+ Kd7 42. Qg7+ Ke8 43. Qh8+ Ke7 44. Qh7+ Ke8 45. Qh8+ Ke7
1/2-1/2

[Event "Frankfurt Ch A 2017"]
[Site "Ffm-Höchst, BiKuZ"]
[Date "2017.05.29"]
[Round "6.16"]
[White "Bennedik, Martin"]
[Black "Vega Lopez de Nava, Cesar Octavi"]
[Result "1-0"]
[WhiteElo "2003"]
[BlackElo "1859"]
[PlyCount "124"]
[EventDate "2017.??.??"]
[WhiteTeam "SV Frankfurt Nord"]
[BlackTeam "SV Rüsselsheim"]

1. e4 c5 2. Nf3 Nc6 3. d4 cxd4 4. Nxd4 e5 5. Nb5 d6 6. N1c3 a6 7. Na3 Be7 8.
Nc4 Be6 9. Ne3 Nf6 10. g3 O-O 11. Bg2 Nd4 12. Ncd5 Nxd5 13. Nxd5 f5 14. c3 Nc6
15. Be3 Rc8 16. O-O Bg5 17. exf5 Bxf5 18. Qd2 Bxe3 19. Nxe3 Bg6 20. Rad1 Qa5
21. b4 Qa4 22. Nc4 Bh5 23. Nb6 Qa3 24. Rb1 Bf7 25. Bd5 Bxd5 26. Qxd5+ Kh8 27.
Nxc8 Rxc8 28. Qe6 Rd8 29. Rfd1 Qxc3 30. Rxd6 Rf8 31. Qb3 Qxb3 32. Rxb3 Nd4 33.
Rd3 Kg8 34. Kg2 Nc2 35. Rb3 e4 36. a3 Ne1+ 37. Kf1 Nf3 38. h4 Rc8 39. Re3 Rc1+
40. Kg2 Rg1+ 41. Kh3 h5 42. Rxe4 g5 43. Rg6+ Kf7 44. Rxg5 Nxg5+ 45. hxg5 Rh1+
46. Kg2 Ra1 47. Re3 Kg6 48. f4 Kf5 49. Kh3 Rh1+ 50. Kg2 Ra1 51. Kf3 Rf1+ 52.
Ke2 Ra1 53. Kf3 Rf1+ 54. Ke2 Ra1 55. Rc3 b6 56. Kd3 Rd1+ 57. Ke2 Ra1 58. Ke3
Re1+ 59. Kd4 Re7 60. Kd5 Re8 61. Rc6 Rd8+ 62. Rd6 Rg8 1-0

[Event "Frankfurt Ch A 2017"]
[Site "Ffm-Höchst, BiKuZ"]
[Date "2017.05.29"]
[Round "6.17"]
[White "Menning, Uwe"]
[Black "Teschler, Ulrich"]
[Result "0-1"]
[WhiteElo "1795"]
[BlackElo "1973"]
[PlyCount "76"]
[EventDate "2017.??.??"]
[WhiteTeam "FC Bierstadt"]
[BlackTeam "SV Fechenheim"]

1. d4 c5 2. c3 e6 3. Nf3 b6 4. Bg5 Ne7 5. e3 f6 6. Bf4 Ng6 7. Bg3 Bb7 8. Bd3
Be7 9. Nbd2 Nc6 10. Qc2 Nf8 11. dxc5 bxc5 12. O-O-O d5 13. Bb5 Qa5 14. Qa4 Qxa4
15. Bxa4 O-O-O 16. e4 d4 17. Bxc6 Bxc6 18. cxd4 cxd4 19. Kb1 e5 20. Ne1 Ne6 21.
Nd3 Bd6 22. f3 Kd7 23. Nc4 Rb8 24. Rc1 Bb5 25. Rhd1 Be7 26. Ncxe5+ fxe5 27.
Nxe5+ Ke8 28. Ng6 hxg6 29. Bxb8 Be2 30. Rc8+ Bd8 31. Rd2 Kd7 32. Rxd8+ Rxd8 33.
Bxa7 d3 34. Be3 g5 35. b4 Rh8 36. h3 Nf4 37. Kb2 Nxg2 38. Bxg5 Ne1 0-1

[Event "Frankfurt Ch A 2017"]
[Site "Ffm-Höchst, BiKuZ"]
[Date "2017.05.29"]
[Round "6.18"]
[White "Kuhn, Gerhard"]
[Black "Makilla, Tobias"]
[Result "1/2-1/2"]
[WhiteElo "1962"]
[BlackElo "1791"]
[PlyCount "102"]
[EventDate "2017.??.??"]
[WhiteTeam "SK Marburg"]
[BlackTeam "SC Hattersheim"]

1. e4 e5 2. Nf3 Nc6 3. Bc4 Bc5 4. c3 Nf6 5. d3 d6 6. Nbd2 a6 7. Bb3 O-O 8. O-O
Be6 9. Re1 Qd7 10. Nf1 Kh8 11. Bc2 Bg4 12. h3 Bh5 13. Ng3 Bg6 14. Nh4 d5 15.
Qf3 d4 16. Ngf5 b5 17. g4 dxc3 18. bxc3 b4 19. Bd2 bxc3 20. Bxc3 Bxf5 21. Nxf5
Bd4 22. Nxd4 Nxd4 23. Bxd4 Qxd4 24. Rab1 Rad8 25. Rb7 Qc3 26. Qe2 Nd7 27. Reb1
Nb6 28. Ra7 a5 29. Rb3 Qc5 30. Ra6 Rd6 31. Bb1 Rh6 32. Kg2 Nd5 33. exd5 Rxa6
34. Qxe5 Rd6 35. Rc3 Qxd5+ 36. Qxd5 Rxd5 37. Rxc7 h5 38. Bc2 hxg4 39. hxg4 f5
40. Bb3 Rxd3 41. gxf5 Rd2 42. Rc5 a4 43. Bxa4 Rxa2 44. Bd7 Kh7 45. Kg3 Rd8 46.
Be6 Ra3+ 47. f3 Rdd3 48. Bd5 Rac3 49. Ra5 Ra3 50. Rc5 Rac3 51. Ra5 Ra3 1/2-1/2